|
|
|
|
| LEADER |
01084cam a22003251a 4500 |
| 001 |
000035696 |
| 003 |
11984 |
| 005 |
20160319000000.0 |
| 008 |
160318s1992 vm 000 eng |
| 020 |
|
|
|a 0139524908
|
| 041 |
|
|
|a eng
|
| 082 |
|
|
|a 428.24
|b DO-A
|
| 245 |
|
|
|a A university course in English grammar / Angela Downing, Philip Locke.
|c Downing, Angela
|
| 260 |
|
|
|a Redwood
|c 1992
|
| 300 |
|
|
|a 652. : mh :25cm
|
| 650 |
|
|
|a Downing, Angela,1992,A university course in English grammar
|
| 852 |
|
|
|b Chuyên đề
|c Sách tham khảo
|
| OWN |
|
|
|a LNN
|
| AVA |
|
|
|a UDN50
|b LNN
|d 428.24 DO-A
|e available
|t Error 5001 Not defined in file expand_doc_bib_avail.
|f 2
|g 0
|h N
|i 0
|k 1
|
| 999 |
|
|
|a From the UDN01
|
| AVA |
|
|
|a UDN50
|b LNN
|d 428.24 DO-A
|e available
|t Error 5001 Not defined in file expand_doc_bib_avail.
|f 2
|g 0
|h N
|i 0
|k 1
|
| TYP |
|
|
|a Monograph
|
| TYP |
|
|
|a Printed language
|
| 980 |
|
|
|a Mạng thư viện Đại học Đà Nẵng
|